Carregant...

David Copperfield

Dades bibliogràfiques
Autor principal: Dickens, Charles
Format: Printed Book
Publicat: New York, Random House 1950
Col·lecció:The Modern Library
Matèries:
LEADER 004670000a22001570004500
082 |a 823 DIC/D J0 
100 |a Dickens, Charles 
245 |a David Copperfield 
260 |a New York, Random House 
260 |c 1950 
490 |a The Modern Library 
650 |a English 
650 |a Novel 
942 |c BK 
999 |c 5705  |d 5705 
952 |0 0  |1 0  |4 0  |6 823_000000000000000_DICD_J0  |7 0  |8 ENG  |9 5497  |a MGUL  |b MGUL  |d 2013-07-16  |l 4  |m 1  |o 823 DIC/D J0  |p 00422  |r 2019-05-10  |s 2019-02-23  |w 2013-07-16  |y BK